Throw it to the river /

Guardat en:
Dades bibliogràfiques
Autor principal: Rodriguez, Nice
Format: Llibre
Idioma:anglès
Publicat: Toronto : Women's Press, 1993.
Col·lecció:International connections (Toronto, Ont.)
Matèries:
Etiquetes: Afegir etiqueta
Sense etiquetes, Sigues el primer a etiquetar aquest registre!

MARC

LEADER 00000cam a2200000 a 4500
001 1130094
003 loc
005 20250910144514.0
008 940510s1993 onc 000 1 eng d
010 |a  94124945  
015 |a C93-95156-5 
020 |a 0889611874 
020 |a 9780889611870 
035 |a 1130094 
035 |a (OCoLC)29308547 
040 |a CaOTU  |b eng  |c CaOONL  |d DLC 
042 |a lccopycat 
043 |a a-ph---  |a n-cn--- 
050 0 0 |a PR9199.3.R543  |b T48 1993 
055 2 |a PS8585* 
082 0 0 |a 813/.54  |2 20 
100 1 |a Rodriguez, Nice. 
245 1 0 |a Throw it to the river /  |c Nice Rodriguez. 
260 |a Toronto :  |b Women's Press,  |c 1993. 
300 |a 156 p. ;  |c 22 cm. 
490 1 |a International connections 
650 0 |a Lesbians  |x Fiction. 
650 0 |a Filipinos  |x Fiction. 
651 0 |a Philippines  |x Fiction. 
651 0 |a Canada  |x Fiction. 
830 0 |a International connections (Toronto, Ont.) 
942 |2 ddc  |c BK 
952 |0 0  |1 0  |2 ddc  |4 0  |6 LNR_03RODNITHR11  |7 0  |9 5724  |a MI  |b MI  |d 2006-01-26  |i 5072  |l 0  |o LNR03-RODNI-THR11  |p CDOM5072  |r 2025-07-13 16:28:00  |w 2025-07-13  |x ACQUISTO  |y BK 
999 |c 4567  |d 4567